Most Expensive Homes - Statistics

General Stats
  • This quiz has been taken 21 times
  • The average score is 3 of 7
Answer Stats
Cost Home % Correct
320,364,354 The White House
92%
1,560,000,000 Buckingham Palace
58%
1,000,000,000 Antilla Mumbai
25%
248,000,000 Fairfield, Sagaponack, NY
25%
222,000,000 Palace Green, Kensington Palace Gardens, London
25%
220,000,000 The Penthouse, One Hyde Park, London
25%
506,000,000 Villa Leopolda, French Riveria
17%
No matching quizzes found
Score Distribution
Percent of People with Each Score
Percentile by Number Answered
Your Score History
You have not taken this quiz